000 00531nam a22001817a 4500
005 20230403111807.0
008 230403b |||||||| |||| 00| 0 eng d
020 _a978-938-9335-8-0-4
041 _aeng
082 _a615.7 DER-R
100 _aDERENDORF, HARMUT AND SCHMIDT ,STEPHAN
_97641
245 _aROWLAND AND TOZER'S CILINICAL PHARMACOKINETICS AND PHARMACODYNAMICS CONCEPTS AND APPLICATIONS
250 _a5th ed.
260 _bWOLTER KLUWER
300 _a939;P.
650 _aPHARMACY
_xB. PHARMA
_97642
942 _cBK
999 _c8287
_d8285